logo

Bir Sreshtho Munshi Abdur Rouf Library
Jhenaidah Cadet College

"Sharing" Ganges water : (Record no. 13722)

MARC details
000 -LEADER
fixed length control field 00776nam a2200217 a 4500
001 - CONTROL NUMBER
JCCL Control Number 13722
003 - CONTROL NUMBER IDENTIFIER
JCCL marc code BD-JhCC
005 - DATE AND TIME OF LATEST TRANSACTION
control field 20240319125613.0
008 - FIXED-LENGTH DATA ELEMENTS--GENERAL INFORMATION
fixed length control field 240319b2023 bg |||| ||a| 001 0 eng d
020 ## - INTERNATIONAL STANDARD BOOK NUMBER
International Standard Book Number 9789845063920
035 ## - SYSTEM CONTROL NUMBER
system control number (BD-JhCC)13722
040 ## - CATALOGING SOURCE
Original cataloging agency BD-JhCC
Modifying agency BD-JhCC
041 ## - LANGUAGE CODE
Language code of Book english
082 ## - DEWEY DECIMAL CLASSIFICATION NUMBER
Classification number 327.5491
Author mark and Year ISL 2023
100 ## - MAIN ENTRY--PERSONAL NAME
Personal name Islam, Md Nazrul
245 ## - TITLE STATEMENT
Title "Sharing" Ganges water :
Remainder of title Indo-Bangladesh treaties and international law /
Statement of responsibility, etc Md Nazrul Islam .
260 ## - PUBLICATION, DISTRIBUTION, ETC. (IMPRINT)
Place of publication, distribution, etc Dhaka:
Name of publisher, distributor, etc The University Press Limited;
Date of publication, distribution, etc 2023.
300 ## - PHYSICAL DESCRIPTION
Pagination xx,286 p. :
Dimensions 22 cm.
650 ## - SUBJECT ADDED ENTRY--TOPICAL TERM
Topical term or geographic name as entry element Bangladesh Foreign relations India
Form subdivision Ganges River (India and Bangladesh)
General subdivision Water rights
Chronological subdivision Inde Relations extérieures Bangladesh
Geographic subdivision India Foreign relations Bangladesh
942 ## - ADDED ENTRY ELEMENTS (KOHA)
Source of classification or shelving scheme Dewey Decimal Classification
Koha item type Books
Holdings
Source of classification or shelving scheme Damaged status Not for loan Home library Current library Shelving location Date of accession Cost, normal purchase price Total Checkouts Full call number Barcode Date last seen Copy number Method of acquisition Koha item type Currency
Dewey Decimal Classification     JCC Rouf Library JCC Rouf Library General Stacks   900.00   327.5491 ISL 2023 19051 03/19/2024 C-1 Purchase Books BDT
Dewey Decimal Classification     JCC Rouf Library JCC Rouf Library General Stacks   900.00   327.5491 ISL 2023 19052 03/19/2024 C-2 Purchase Books BDT

JCC Library | Contacts | JCC Home

Last Update on 23 September 2017
Copyright @ 2017-2020 JCC Rouf Library
Rouf Library, Jhenidah Cadet College (JCC), Bangladesh